[Event "Gdansk op"]
[Site "Gdansk"]
[Date "2009.07.24"]
[Round "7"]
[White "Zielinski, Maciej"]
[Black "Bachan, Daniel"]
[Result "1/2-1/2"]
[WhiteElo "1888"]
[BlackElo "2085"]
[PlyCount "54"]
[EventDate "2009.07.19"]
[EventType "swiss"]
[EventRounds "9"]
[EventCountry "POL"]
[SourceTitle "CBM 131 Extra"]
[Source "ChessBase"]
[SourceDate "2009.09.03"]
[SourceVersion "2"]
[SourceVersionDate "2009.09.16"]
[SourceQuality "1"]

1. e4 c5 2. Nf3 Nc6 3. d4 cxd4 4. Nxd4 g6 5. c4 Bg7 6. Be3 Nf6 7. Nc3 0-0 8. Be2 d6 9. 0-0 Bd7 10. Kh1 a6 11. f3 Rb8 12. Rc1 Nxd4 13. Bxd4 b5 14. b3 b4 15. Nd5 Nxd5 16. cxd5 Qa5 17. Bxg7 Kxg7 18. Qd4+ Kg8 19. Qa7 Rfd8 20. Qxa6 Qxa6 21. Bxa6 Ra8 22. Bd3 Rxa2 23. Rc7 Raa8 24. Kg1 Kf8 25. Rb7 Rab8 26. Rxb8 Rxb8 27. Ra1 Rb7 1/2-1/2

[Event "Gdansk op"]
[Site "Gdansk"]
[Date "2009.07.19"]
[Round "1"]
[White "Suliborski, Jakub"]
[Black "Bachan, Daniel"]
[Result "0-1"]
[WhiteElo "1795"]
[BlackElo "2085"]
[PlyCount "72"]
[EventDate "2009.07.19"]
[EventType "swiss"]
[EventRounds "9"]
[EventCountry "POL"]
[SourceTitle "CBM 131 Extra"]
[Source "ChessBase"]
[SourceDate "2009.09.03"]
[SourceVersion "2"]
[SourceVersionDate "2009.09.16"]
[SourceQuality "1"]

1. e4 c5 2. Nf3 Nc6 3. d4 cxd4 4. Nxd4 g6 5. c4 Bg7 6. Be3 d6 7. Nc3 Nf6 8. Be2 0-0 9. 0-0 Bd7 10. Rc1 a6 11. b3 Qa5 12. f3 Rfe8 13. a4 Rab8 14. g4 h5 15. g5 Nxd4 16. gxf6 Nxe2+ 17. Qxe2 Bxf6 18. Nd5 Qd8 19. Bb6 Qc8 20. Rfd1 Bg5 21. Rc3 Be6 22. c5 Bxd5 23. Rxd5 Bf6 24. Rc4 dxc5 25. Qg2 Qe6 26. a5 Bg7 27. f4 Qf6 28. Qg3 Rbc8 29. Rd7 Qb2 30. e5 Qe2 31. Qg2 Qe3+ 32. Qf2 Qxb3 33. Rxc5 Rxc5 34. Qxc5 Qb1+ 35. Kg2 Qe4+ 36. Kg1 Qxf4 0-1

[Event "Gdansk op"]
[Site "Gdansk"]
[Date "2008.07.22"]
[Round "5"]
[White "Bachan, Daniel"]
[Black "Ulanowski, Karol"]
[Result "1-0"]
[WhiteElo "2097"]
[BlackElo "1737"]
[PlyCount "87"]
[EventDate "2008.07.19"]
[EventType "swiss"]
[EventRounds "9"]
[EventCountry "POL"]
[SourceTitle "EXT 2009"]
[Source "ChessBase"]
[SourceDate "2008.11.26"]
[SourceVersion "1"]
[SourceVersionDate "2008.11.26"]
[SourceQuality "1"]

1. g3 Nf6 2. Bg2 g6 3. Nf3 Bg7 4. 0-0 d6 5. d4 0-0 6. c4 Nbd7 7. Nc3 e5 8. Qc2 Qe7 9. b3 c6 10. Ba3 e4 11. Ng5 e3 12. f4 Ng4 13. Nge4 c5 14. dxc5 dxc5 15. Nd5 Qd8 16. Nxc5 Nxc5 17. Bxc5 Bf5 18. Be4 Bxe4 19. Qxe4 Re8 20. Qf3 Bxa1 21. Qxg4 Bg7 22. f5 b6 23. Ba3 Re5 24. Qf3 gxf5 25. Ne7+ Rxe7 26. Bxe7 Qe8 27. Bg5 h6 28. Bxe3 Rd8 29. Bc1 Rd6 30. Kg2 Be5 31. Qxf5 Rf6 32. Qg4+ Rg6 33. Qe4 Re6 34. Qf3 Rf6 35. Qh5 Qc6+ 36. Rf3 Qe4 37. Be3 Kh7 38. Kh3 Rxf3 39. Qxf3 Qg6 40. Bf4 Bxf4 41. gxf4 Qf5+ 42. Kg3 Qc2 43. Qd3+ Qxd3+ 44. exd3 1-0

[Event "Gdansk op"]
[Site "Gdansk"]
[Date "2008.07.22"]
[Round "4"]
[White "Golabiewski, Adam"]
[Black "Bachan, Daniel"]
[Result "0-1"]
[WhiteElo "1812"]
[BlackElo "2097"]
[PlyCount "86"]
[EventDate "2008.07.19"]
[EventType "swiss"]
[EventRounds "9"]
[EventCountry "POL"]
[SourceTitle "EXT 2009"]
[Source "ChessBase"]
[SourceDate "2008.11.26"]
[SourceVersion "1"]
[SourceVersionDate "2008.11.26"]
[SourceQuality "1"]

1. e4 c5 2. Nf3 Nc6 3. d4 cxd4 4. Nxd4 g6 5. Nc3 Bg7 6. Be3 d6 7. Qd2 Nf6 8. f3 0-0 9. 0-0-0 Bd7 10. Kb1 a6 11. h4 h5 12. Be2 Ne5 13. Bf4 Rc8 14. Bxe5 dxe5 15. Nb3 Qc7 16. Rdg1 Rfd8 17. Bd3 Be6 18. Qg5 Kh7 19. Qg3 b5 20. Qf2 Bc4 21. Bxc4 bxc4 22. Nc1 Qa5 23. g4 Rb8 24. Qe3 Qb4 25. b3 a5 26. g5 Ne8 27. Nd5 Qb7 28. Qc5 e6 29. Ne3 cxb3 30. axb3 a4 31. Rd1 axb3 32. Nxb3 Rdc8 33. Qa3 Rc3 34. Rhe1 Qb6 35. Nf1 Qf2 36. Nfd2 Qxh4 37. Qa7 Rbc8 38. Qxf7 Qxg5 39. Qxe6 Rxc2 40. Rc1 Rxc1+ 41. Rxc1 Rxc1+ 42. Kxc1 Nf6 43. Nc5 Qg1+ 0-1

[Event "POL-chT3 Pomorskie"]
[Site "Poland"]
[Date "2007.04.15"]
[Round "?"]
[White "Pioch, Zygmunt"]
[Black "Bachan, Daniel"]
[Result "0-1"]
[WhiteElo "2209"]
[BlackElo "2095"]
[PlyCount "87"]
[EventDate "2007.03.25"]
[EventType "team-tourn"]
[EventRounds "10"]
[EventCountry "POL"]
[SourceTitle "EXT 2019"]
[Source "ChessBase"]
[SourceDate "2018.10.10"]
[SourceVersion "1"]
[SourceVersionDate "2018.10.10"]
[SourceQuality "1"]

1. e4 c5 2. Nf3 d6 3. d4 cxd4 4. Nxd4 g6 5. c4 Bg7 6. Nc2 Nc6 7. Be2 Qb6 8. Nc3 Be6 9. 0-0 Na5 10. Be3 Qd8 11. Nd4 Bd7 12. Qd2 Nf6 13. Bh6 0-0 14. Bxg7 Kxg7 15. Rfd1 Rc8 16. b3 a6 17. Rac1 Re8 18. f3 Nc6 19. Nc2 Qb6+ 20. Kh1 Be6 21. Bf1 Qa7 22. Ne3 b6 23. Ncd5 Bxd5 24. cxd5 Ne5 25. Rc3 Rc5 26. b4 Rxc3 27. Qxc3 b5 28. Rc1 Qb6 29. h3 Ra8 30. a3 h5 31. Nd1 Ra7 32. f4 Ned7 33. Be2 Kh7 34. Bf3 Ne8 35. Qc8 Ng7 36. Kh2 f5 37. exf5 Nxf5 38. Qc3 Qd4 39. g3 h4 40. Qxd4 hxg3+ 41. Kg2 Nxd4 42. Bg4 Nf6 43. Ne3 a5 44. Rd1 0-1

[Event "Gdansk-chA 7th"]
[Site "Gdansk"]
[Date "2005.11.20"]
[Round "9"]
[White "Bachan, Daniel"]
[Black "Siewert, Roman"]
[Result "1-0"]
[WhiteElo "2133"]
[BlackElo "2029"]
[PlyCount "85"]
[EventDate "2005.11.05"]
[EventType "swiss"]
[EventRounds "9"]
[EventCountry "POL"]
[SourceTitle "EXT 2008"]
[Source "ChessBase"]
[SourceDate "2007.11.25"]
[SourceVersion "1"]
[SourceVersionDate "2007.11.25"]
[SourceQuality "1"]

1. e4 c5 2. Nf3 d6 3. d4 cxd4 4. Nxd4 Nf6 5. Nc3 a6 6. Bg5 e6 7. f4 Be7 8. Qf3 Qc7 9. 0-0-0 Nc6 10. g4 Nxd4 11. Rxd4 b5 12. Bg2 Bb7 13. Rhd1 0-0-0 14. a3 h6 15. Bh4 g5 16. fxg5 Nh7 17. Bg3 Nxg5 18. Qe2 e5 19. Nd5 Bxd5 20. Rxd5 Ne6 21. Kb1 Kb8 22. R1d3 Nd4 23. Qd1 Rc8 24. c3 Nc6 25. Rf3 Rcf8 26. Qf1 Rh7 27. a4 Na5 28. axb5 Nc4 29. bxa6 Bg5 30. Rb5+ Ka8 31. Qd3 Qc6 32. Qd5 Nd2+ 33. Kc2 Qxd5 34. Rxd5 Nxf3 35. Bxf3 Be7 36. Be2 h5 37. gxh5 f5 38. exf5 Rhf7 39. Bg4 Rc8 40. f6 Rg8 41. fxe7 Rxe7 42. Be2 Ka7 43. Rxd6 1-0

[Event "Gdansk-chA 7th"]
[Site "Gdansk"]
[Date "2005.11.19"]
[Round "7"]
[White "Bachan, Daniel"]
[Black "Tyda, Krzysztof"]
[Result "1-0"]
[WhiteElo "2133"]
[BlackElo "2031"]
[PlyCount "111"]
[EventDate "2005.11.05"]
[EventType "swiss"]
[EventRounds "9"]
[EventCountry "POL"]
[SourceTitle "EXT 2008"]
[Source "ChessBase"]
[SourceDate "2007.11.25"]
[SourceVersion "1"]
[SourceVersionDate "2007.11.25"]
[SourceQuality "1"]

1. e4 c6 2. d4 d5 3. exd5 cxd5 4. Bd3 Nc6 5. c3 g6 6. Nf3 Bg7 7. Bf4 Nf6 8. h3 0-0 9. 0-0 Re8 10. Re1 Nh5 11. Bh2 Bh6 12. Nbd2 Bf4 13. Nf1 Bxh2+ 14. N1xh2 Nf4 15. Bb5 f6 16. Qd2 Qd6 17. c4 a6 18. c5 Qc7 19. Ba4 Kg7 20. b4 Bf5 21. b5 axb5 22. Bxb5 g5 23. a4 Qd7 24. Ra3 Kf7 25. Rae3 Qc7 26. Ng4 Bxg4 27. hxg4 Qd7 28. Nh2 e6 29. g3 Ng6 30. Nf3 Re7 31. Kg2 Qc7 32. Rh1 Kg7 33. Rhe1 Kf7 34. Rh1 Kg7 35. Re2 Qa5 36. Rb1 Qxd2 37. Rxd2 h6 38. Ne1 f5 39. gxf5 exf5 40. Nc2 f4 41. Nb4 Nxb4 42. Rxb4 fxg3 43. fxg3 Rf8 44. c6 h5 45. Be2 bxc6 46. Bxh5 Re3 47. Rb6 Rc3 48. a5 Kh6 49. Bg4 Ne7 50. a6 Ra3 51. Re2 Rf7 52. Re6+ Kg7 53. Bh5 Nf5 54. Bxf7 Kxf7 55. Rexc6 Nxd4 56. Rc7+ 1-0

[Event "Gdansk-chA 7th"]
[Site "Gdansk"]
[Date "2005.11.10"]
[Round "3"]
[White "Bachan, Daniel"]
[Black "Kapica, Wlodzimierz"]
[Result "1/2-1/2"]
[WhiteElo "2133"]
[BlackElo "2055"]
[PlyCount "71"]
[EventDate "2005.11.05"]
[EventType "swiss"]
[EventRounds "9"]
[EventCountry "POL"]
[SourceTitle "EXT 2008"]
[Source "ChessBase"]
[SourceDate "2007.11.25"]
[SourceVersion "1"]
[SourceVersionDate "2007.11.25"]
[SourceQuality "1"]

1. e4 Nf6 2. e5 Nd5 3. d4 d6 4. Nf3 Bg4 5. Be2 e6 6. 0-0 Be7 7. c4 Nb6 8. b3 Nc6 9. exd6 cxd6 10. Bb2 d5 11. c5 Bxf3 12. Bxf3 Nc8 13. a3 a5 14. Qc2 Bf6 15. Rd1 0-0 16. Be2 N8e7 17. Bb5 Nf5 18. Bxc6 bxc6 19. Rd3 Qc7 20. Nd2 g6 21. Nf3 Bg7 22. Re1 Rab8 23. g3 Rb5 24. Bc1 Ra8 25. Bf4 Qc8 26. g4 Ne7 27. h3 Rb7 28. Qd2 Qe8 29. Be5 Bxe5 30. Rxe5 Kg7 31. Qf4 Ng8 32. Ree3 Qb8 33. Qxb8 Raxb8 34. Ne5 Rc8 35. f4 Nf6 36. Kg2 1/2-1/2